Vampire Diaries Actors Quiz Stats

 Plays Quiz not verified by Sporcle

Challenge
Share
Tweet
Embed
Score 0/17 Timer 04:00
0 Plays Today
% Correct
Nina Dobrev
96.8%
Paul Wesley
96.1%
Ian Somerhalder
95.7%
Candice Accola
95%
Kat Graham
94.4%
Steven R. McQueen
91.2%
Claire Holt
89.9%
Michael Trevino
89%
Joseph Morgan
88.9%
% Correct
Sara Canning
86.3%
Zach Roerig
83.9%
Alice Evans
80%
Matt Davis
79.9%
Daniel Gillies
79.1%
Nathaniel Buzolic
67.1%
Casper Zafer
62.8%
Sebastian Roché
61.9%

You're not logged in!

Compare scores with friends on all Sporcle quizzes.
Join for Free
OR
Log In

You Might Also Like...

Show Comments

Extras

Top Quizzes Today


Score Distribution

Your Account Isn't Verified!

In order to create a playlist on Sporcle, you need to verify the email address you used during registration. Go to your Sporcle Settings to finish the process.

Report this User

Report this user for behavior that violates our Community Guidelines.

Details: